=LDR 00000nam 2200000 4500 =001 INLIS000000000062046 =005 20230414011521 =035 ##$$a 0010-0423000012 =007 ta =008 230414################g##########0#ind## =020 ##$$a 978-979-3784-49-6 =082 ##$$a 621.384 5 =084 ##$$a 621.384 5 GUN t =245 1#$$a Teknik pengodean sistem komunikasi digital /$c penulis, Gunawan Wibisono dan Lydia Sari =250 ##$$a cetakan 1 =300 ##$$a x, 260 halaman : $b ilustrasi ; $c 24 cm =650 #4$$a Komunikasi Digital =700 #$$a Lydia Sari =264 ##$$a Bandung :$b Rekayasa Sains,$c 2011 =336 ##$$a teks$2 rdacontent =337 ##$$a tanpa perantara$2 rdamedia =338 ##$$a volume$2 rdacarrier =990 ##$$a 5202300169